000 00450nam a2200181 i 4500
001 bg
100 1 _aDILTHEY, Wilhelm
245 0 _aO istocie filozofii i inne pisma /
_cW. Dilthey.
260 _aWarszawa,
_c1987.
490 1 _aBiblioteka Klasyków Filozofii
650 9 _aFilozofia
830 _aBiblioteka Klasyków Filozofii
040 _cBPK
041 _apol
080 _a1
942 _cKS
008 s pl f |000 0 pol
999 _c23649
_d23649
856 _uhttp://koha.tu.koszalin.pl/cgi-bin/koha/opac-detail.pl?biblionumber=23649
_yKatalog online BPK